000
00323nam a22001337a 4500
008
181105b xxu||||| |||| 00| 0 eng d
020
_a
9781428205154
041
_a
eng
080
_2
7th
_a
371
100
_a
46
101
_a
EDU
245
_a
Your College Experience Strategies for Success
_c
Gardner,J,N
942
_2
udc
_c
BK
999
_c
51803
_d
51803